Statistics for Australian Geography

Click here to take the quiz!

General Stats

  • This quiz has been taken 438 times
    (422 since last reset)
  • The average score is 9 of 22

Answer Stats

HintAnswer% Correct
Capital Of AustraliaCanberra
89%
The Big RockUluru
85%
The Ocean to the EastPacific Ocean
84%
Largest ReefGreat Barrier Reef
82%
The Ocean to the westIndian Ocean
81%
Longest RiverMurray River
73%
Which state is the second largest desert inWestern Australia
73%
Nearest NeighbourPapua New Guinea
63%
Most Northern PointCape York
57%
The Ocean to the SouthSouthern Ocean
46%
Largest LakeLake Eyre
40%
Largest MountainMount Kosciuszko
31%
Second Largest DesertGreat Sandy Desert
28%
Largest DesertGreat Victoria Desert
25%
Most Eastern PointCape Byron
13%
The States that the Largest Desert SpanWestern Australia and South Australia
12%
Most Southern Point on the mainlandWilsons Promontory
12%
2nd Longest RiverMurrumbidgee River
10%
Largest Fringing ReefNingaloo Reef
8%
Most Western PointSteep Point
6%
Most Southern PointSouth East Cape
3%
The Sea to the NorthArafura Sea
1%

Score Distribution

Percentile by Number Answered

Percent of People with Each Score

Your Score History

You have not taken this quiz since the last reset